Physics / (Record no. 14010)

000 -LEADER
fixed length control field 00498cam a2200181 i 4500
020 ## - INTERNATIONAL STANDARD BOOK NUMBER
ISBN 0471717169 (v. 1)
040 ## - CATALOGING SOURCE
Transcribing agency DLC
082 00 - DEWEY DECIMAL CLASSIFICATION NUMBER
Classification number 530 WIL 1977 A058 Or.
100 1# - MAIN ENTRY--AUTHOR NAME
Personal name Resnick, Robert,
245 10 - TITLE STATEMENT
Title Physics /
250 ## - EDITION STATEMENT
Edition statement 3d ed.
260 ## - PUBLICATION, DISTRIBUTION, ETC. (IMPRINT)
Place of publication New York :
Name of publisher Wiley,
Year of publication c1977-1978.
300 ## - PHYSICAL DESCRIPTION
Number of Pages 2 v. :
Other physical details ill. ;
Dimensions 26 cm.
500 ## - GENERAL NOTE
General note Published in 1960 and 1962 under title: Physics for students of science and engineering.
650 #0 - SUBJECT ADDED ENTRY--TOPICAL TERM
Topical Term Physics.
700 1# - ADDED ENTRY--PERSONAL NAME
Personal name Halliday, David,
942 ## - ADDED ENTRY ELEMENTS (KOHA)
Koha item type សៀវភៅភាសាអង់គ្លេស
952 ## - LOCATION AND ITEM INFORMATION (KOHA)
Withdrawn status [LOCAL, KOHA] 0
Holdings
Permanent Location Date acquired Koha item type Lost status Shelving location Barcode Current Location Full call number
Library Block A2017-10-04សៀវភៅភាសាអង់គ្លេស A058A15361Library Block A530 WIL 1977 A058 Or.
មជ្ឈមណ្ឌលឯការនៃសាកលវិទ្យាល័យភូមិន្ទកសិកម្មចំការដូង

Powered by Koha